000 004390000a22001810004500
003 MACL
005 20151004144735.0
008 151004b xxu||||| |||| 00| 0 eng d
040 _aMACL
_cMACL
041 _aEnglish
082 _a910
100 _aOutlook Traveller
_913112
245 _aRussia
_bBelarus & Ukraine
260 _bOutlook Publishing
_c2005
350 _a445
651 _aGeography & Travels
_913672
942 _cBK
_k910
_2ddc
999 _c8680
_d8680